00471nam a2200193Ia 4500003000900000008004100009040001300050040001300063041000800076100001800084245009700102250001200199260000800211260000900219300001100228300001200239490001800251490000800269IT-RoPAU120407s9999 xx 000 0 und d aIT-RoPAU cIT-RoPAU aita aWilhelm Egger aMetodologia del Nuovo Testamento. Introduzione allo studio scientifico del Nuovo Testamento. aBologna aEDB c1989 a264 p. c21,5 cm aStudi biblici v116